Цигун (Запис номер 85892)
[ съкратено ]
| 000 -Лидер | |
|---|---|
| Контролно поле с фиксирана дължина | 01884nam a2200445 c 4500 |
| 003 - Код на организацията, давaща контролен номер | |
| Контролно поле | BLK |
| 005 - Дата и час на последна редакция | |
| Контролно поле | 20250610181157.0 |
| 008 - Елементи от данни с фиксирана дължина | |
| fixed length control field | 180408b bul|||||r ||||||| ||bul|| |
| 010 ## - Наследен системен номер | |
| LC control number | KNG00090499000 |
| 020 ## - Международен стандартен номер на книга ISBN | |
| Международен стандартен номер на книга ISBN | 978-954-26-0689-5 |
| -- | издат.: Хермес |
| 040 ## - Източник на каталожния запис | |
| Идентификатор на билиотеката - собственик на записа | BLK |
| 041 ## - Код за език | |
| Код за езика на текст/звукозапис или на отделно заглавие | Български |
| Код за езика КДБФ | Български |
| 072 #7 - Код за тематичната категория | |
| Код организация | bullib |
| Код за тематична категория | Л09 |
| Текст | Лечебна гимнастика, йога, цигун, мудри, каланетика и др. |
| 080 ## - УДК | |
| Текстов определител УДК | Лечебна физкултура. Гимнастика на йогите. Даоистки техники за самолечение |
| УДК код - определител по УДК | 615.825.1 |
| УДК определител | (510) |
| УДК - код + определител | 615.825.1(510) |
| 080 ## - УДК | |
| Текстов определител УДК | Медицина |
| УДК код - определител по УДК | 61 |
| УДК определител | (510) |
| УДК - код + определител | 61(510) |
| 100 1# - Редна дума - Автор | |
| Автор | Рийд, Даниъл |
| Авторска отговорност | първи автор |
| R(LIN) | 290654 |
| 139 ## - Редно поле | |
| Редна дума | Рийд, Даниъл |
| Авторски знак | Риз - Р 60 |
| 245 10 - Сведения за заглавието | |
| Заглавие | Цигун |
| Подзаглавни данни | Овладяване на енергията на Вселената |
| Редно поле (дума) | Даниъл Рийд; прев. от англ. Надежда Иванова Розова. |
| 257 ## - Страна на издаване | |
| Страна на създаване/издаване | Съединени американски щати |
| 260 ## - Област на издателските данни | |
| -- | Пловдив |
| Име на издателя, разпространителя и проч. | Хермес |
| Година на издаване | 2008 |
| Печатница | Хасково : Полиграфюг |
| 300 ## - Физическа характеристика | |
| Страници | 334 с. |
| Илюстрации и др. | с ил. |
| Размери/Мащаб | 24 см |
| 380 ## - Жанр | |
| Жанр | Медицина |
| 490 1# - СЕРИИ (Колекции) | |
| Име на серия | Серия Естествено здрави |
| 500 ## - Общи забележки | |
| Забележка | Ориг. загл. Chi-Gung / Daniel Reid. - Азб. показалец. |
| 650 #4 - Допълнително описание по предмет – тема | |
| Основно описание – тема или топоним | Лечебна физкултура - Китай |
| 9 (RLIN) | 264932 |
| 650 #4 - Допълнително описание по предмет – тема | |
| Основно описание – тема или топоним | Медицина, китайска |
| 9 (RLIN) | 264073 |
| 650 #4 - Допълнително описание по предмет – тема | |
| Основно описание – тема или топоним | Таоизъм |
| 9 (RLIN) | 173188 |
| 651 #4 - Допълнително описание по предмет - топоним | |
| Географско понятие | Китай |
| 9 (RLIN) | 242505 |
| 653 ## - Ключова дума – ненормативна | |
| Ключова дума | лечебна гимнастика |
| 653 ## - Ключова дума – ненормативна | |
| Ключова дума | китайска медицина |
| 653 ## - Ключова дума – ненормативна | |
| Ключова дума | таоизъм |
| 653 ## - Ключова дума – ненормативна | |
| Ключова дума | цигун |
| 659 ## - Тематичен бюлетин | |
| Тематичен бюлетин | Л |
| 852 ## - Местоположение | |
| Форматна сигнатура | Цб 244707 |
| 856 4# - Електронен адрес и достъп | |
| Електронен формат | pdf - файл |
| Път до файла /url/ | |
| 856 4# - Електронен адрес и достъп | |
| Електронен формат | pdf - файл |
| Път до файла /url/ | |
| 942 ## - АРТИКУЛИ | |
| Вид на библиотечния материал | Книги |
| Скрит в OPAC | Не |
| Koha issues (borrowed), all copies | 12 |
| 944 ## - СЪЗДАВАНЕ И РЕДАКЦИЯ на ЗАПИСА | |
| Създаване/Редакция | Създаване |
| Дата на регистрацията/редакция | 09.07.2009 |
| Статус, дата на статуса | Цветелина Шанова |
| Служител, извършил регистрацията/редакцията | 30531 |
| 944 ## - СЪЗДАВАНЕ И РЕДАКЦИЯ на ЗАПИСА | |
| Създаване/Редакция | Редакция |
| Дата на регистрацията/редакция | 25.02.2014 |
| Статус, дата на статуса | ф / |
| Служител, извършил регистрацията/редакцията | |
| 999 ## - СИСТЕМНИ КОНТРОЛНИ НОМЕРА | |
| Koha biblionumber | 85892 |
| Koha biblioitemnumber | 85892 |
| Код за отписване | Код за изгубен артикул | Код за повреда | Коз за рестрикции | Код за отдаване | Артикулен № | Име на библиотеката - собственик | Име на библиотеката, в която се намира в момента | Статус (Текущо местоположение) | Дата на вписване в системата | Местоположение - отдел | Цена в лева | Инвентарен номер | Систематично азбучна сигнатура | Баркод | Номер на екземпляра | Цена в евро | Служебна бележка | Служебен тип на артикула |
|---|---|---|---|---|---|---|---|---|---|---|---|---|---|---|---|---|---|---|
| Не е изгубен | Не е повреден | без рестрикции | ползва се в читалня | 139223 | Регионална библиотека "Любен Каравелов" Русе | Регионална библиотека "Любен Каравелов" Русе | Хранилище | 2009-07-08 | Хранилище | 13.95 | 120000736916 | Цб 244707 | 120000736916 | 1 | 7.13 | Дост: Dp Вид: Д N: 6 Дата: 27.01.2009 | Книги | |
| Не е изгубен | Не е повреден | без рестрикции | заемане за дома | 139224 | Регионална библиотека "Любен Каравелов" Русе | Регионална библиотека "Любен Каравелов" Русе | Заемна - подръчен фонд | 2013-11-23 | Заемна - подръчен фонд | 6.94 | 120000772137 | П 615.82/Р 60 | 120000772137 | 2 | 3.55 | Дост: Pk Вид: Ф N: 221 Дата: 12.11.2013 Дата инв: 05.02.2018 Бележки инв: П2018 | Книги |